|
|
|
|
| LEADER |
00000nam0a2200000 4500 |
| 001 |
30057 |
| 005 |
20231030203744.0 |
| 035 |
|
|
|a (RuTPU)RU\TPU\book\30325
|
| 035 |
|
|
|a BOOK00030401
|
| 090 |
|
|
|a 30057
|
| 100 |
|
|
|a 20011209d2000 m y0rusy50 ca
|
| 101 |
0 |
|
|a rus
|
| 102 |
|
|
|a BY
|
| 105 |
|
|
|a a f 000zy
|
| 200 |
1 |
|
|a Использование геофизических исследований скважин для изучения полезных ископаемых
|e учебное пособие для вузов
|f Э. А. Высоцкий, А. Ш. Хайбуллин
|
| 210 |
|
|
|a Минск
|c Изд-во Белорусского ГУ
|d 2000
|
| 215 |
|
|
|a 109 с.
|c ил.
|
| 320 |
|
|
|a Библиогр.: с. 106-107.
|
| 610 |
1 |
|
|a геология
|
| 610 |
1 |
|
|a разведка
|
| 610 |
1 |
|
|a геофизические исследования
|
| 610 |
1 |
|
|a скважины
|
| 610 |
1 |
|
|a полезные ископаемые
|
| 610 |
1 |
|
|a каротаж
|
| 610 |
1 |
|
|a нефть
|
| 610 |
1 |
|
|a газ
|
| 610 |
1 |
|
|a уголь
|
| 610 |
1 |
|
|a минеральное сырье
|
| 610 |
1 |
|
|a ГИС
|
| 610 |
1 |
|
|a учебные пособия
|
| 675 |
|
|
|a 550.832(075.8)
|v 3
|
| 700 |
|
1 |
|a Высоцкий
|b Э. А.
|g Эдуард Александрович
|
| 701 |
|
1 |
|a Хайбуллин
|b А. Ш.
|g Артур Шайдулович
|
| 801 |
|
0 |
|a BY
|b 63413507
|c 20011209
|g PSBO
|
| 801 |
|
2 |
|a RU
|b 63413507
|c 20150401
|g PSBO
|
| 942 |
|
|
|c BK
|